Jesus, hollywood and me / (Record no. 9981)
[ view plain ]
| 000 -LEADER | |
|---|---|
| fixed length control field | 00540nam a22001937a 4500 |
| 003 - CONTROL NUMBER IDENTIFIER | |
| control field | OSt |
| 005 - DATE AND TIME OF LATEST TRANSACTION | |
| control field | 20140310182149.0 |
| 008 - FIXED-LENGTH DATA ELEMENTS--GENERAL INFORMATION | |
| fixed length control field | 130830t xxu||||| |||| 00| 0 eng d |
| 050 ## - LIBRARY OF CONGRESS CALL NUMBER | |
| Classification number | B 1996 |
| Item number | .K19 1995 |
| 082 ## - DEWEY DECIMAL CLASSIFICATION NUMBER | |
| Classification number | HS 780.92 |
| Item number | K15 1995 |
| 100 ## - MAIN ENTRY--PERSONAL NAME | |
| Personal name | Kasha, Al |
| 9 (RLIN) | 15670 |
| 245 ## - TITLE STATEMENT | |
| Title | Jesus, hollywood and me / |
| Statement of responsibility, etc | Al Kasha and Joel Hirschhorn. |
| 300 ## - PHYSICAL DESCRIPTION | |
| Extent | 222 p. ; |
| Dimensions | 20 cm. |
| 650 ## - SUBJECT ADDED ENTRY--TOPICAL TERM | |
| Topical term or geographic name as entry element | Composers |
| General subdivision | Biography |
| 9 (RLIN) | 15671 |
| 650 ## - SUBJECT ADDED ENTRY--TOPICAL TERM | |
| Topical term or geographic name as entry element | Agoraphobia (Inspiring story) |
| 9 (RLIN) | 15672 |
| 700 ## - ADDED ENTRY--PERSONAL NAME | |
| Personal name | Hirschhorn, Joel |
| 9 (RLIN) | 15673 |
| 942 ## - ADDED ENTRY ELEMENTS (KOHA) | |
| Source of classification or shelving scheme | Library of Congress Classification |
| Withdrawn status | Lost status | Source of classification or shelving scheme | Damaged status | Home library | Current library | Shelving location | Date acquired | Total Checkouts | Full call number | Barcode | Date last seen | Copy number | Price effective from | Koha item type |
|---|---|---|---|---|---|---|---|---|---|---|---|---|---|---|
| Library of Congress Classification | Luxembourg Library | Luxembourg Library | High School Section | 08/30/2013 | B 1996 .K19 1995 | 4768 | 06/13/2017 | 1 | 08/30/2013 | Books |